Irish Comedians - Photo Quiz - Statistics

General Stats
  • This quiz has been taken 70 times
  • The average score is 8 of 16
Answer Stats
Picture Answer % Correct
Dara O'Briain
92%
Graham Norton
82%
Ardal O'Hanlon
78%
Aisling Bea
67%
Ed Byrne
48%
Chris O'Dowd
45%
Patrick Kielty
45%
Brendan O'Carrol
43%
Dave Allen
42%
Frank Carson
37%
Roy Walker
37%
Tommy Tiernan
37%
Dermot Morgan
35%
Dylan Moran
33%
Sean Hughes
25%
Pauline McGlynn
12%
No matching quizzes found
Score Distribution
Percent of People with Each Score
Percentile by Number Answered
Your Score History
You have not taken this quiz